Teoria del corpo amoroso : per un'erotica solare /

Per farla finita con la monogamia, la fedeltà, la procreazione, la famiglia, il matrimonio e la connessa coabitazione, in questo libro Onfray ridefinisce il desiderio come eccesso, il piacere come dispendio, e propone una teoria del contratto basata solo sulla volontà di due celibi liberi. Invita a...

Descripció completa

Guardat en:
Dades bibliogràfiques
Autor principal: Onfray, Michel (Autor)
Altres autors: De Paola, Gregorio (Traductor)
Format: Llibre
Idioma:italià
Publicat: Roma : Fazi, 2006
Col·lecció:Le terre ; 135
Matèries:
Etiquetes: Afegir etiqueta
Sense etiquetes, Sigues el primer a etiquetar aquest registre!

MARC

LEADER 00000nam a22000007i 4500
001 IT\ICCU\TO0\1520193
003 ItRI
005 20260115231939.0
008 060613s2006 it |||||| |||||0|||||c
020 |a 8881127458 
020 |a 9788881127450 
040 |b ita  |c importazione bologna sebina 
041 7 |a ita  |2 ISO-639-2 
082 |a 155.3  |9 PSICOLOGIA DEL SESSO E DEI SESSI  |2 21 
100 1 |a Onfray, Michel  |0 IT\ICCU\CFIV\111115  |4 aut 
240 1 0 |a Théorie du corps amoureux  |3 IT\ICCU\MOD\1013353  |9 Onfray, Michel 
245 1 0 |a Teoria del corpo amoroso :  |b per un'erotica solare /  |c Michel Onfray ; traduzione di Gregorio De Paola. 
260 |a Roma :  |b Fazi,  |c 2006 
300 |a 209 p. ;  |c 20 cm. 
520 |a Per farla finita con la monogamia, la fedeltà, la procreazione, la famiglia, il matrimonio e la connessa coabitazione, in questo libro Onfray ridefinisce il desiderio come eccesso, il piacere come dispendio, e propone una teoria del contratto basata solo sulla volontà di due celibi liberi. Invita a scristianizzare l'etica, a realizzare un femminismo libertino, a promuovere un eros leggero e ludico e a formulare una psicologia delle passioni che renda possibile l'arte di restare se stessi nel rapporto con l'altro. 
650 7 |a Sesso  |x Psicologia 
700 1 |a De Paola, Gregorio  |0 IT\ICCU\IEIV\039250  |4 trl 
790 1 |a Onfray, Michael  |3 IT\ICCU\SBNV\030282  |z Onfray, Michel 
790 1 |a Onfre, Mišel  |3 IT\ICCU\MILV\433453  |z Onfray, Michel 
830 3 |a Le terre ;  |v 135  |0 IT\ICCU\RAV\0275083 
942 |2 ddc  |c BK  |n 0 
952 |0 0  |1 0  |4 0  |6 DOC_171_400000000000000_ONF  |7 0  |9 17495  |a BO  |b BO  |d 2026-01-15  |i 11219  |l 0  |o DOC 171.4 ONF  |p BO11219  |r 2026-01-15 23:19:39  |w 2026-01-15  |x [Sebina 5] [1 v.]  |y BK  |z 1 v. 
952 |0 0  |1 0  |4 0  |6 DOC_171_400000000000000_ONF  |7 0  |9 17496  |a BO  |b BO  |d 2026-01-15  |i 11693  |l 0  |o DOC 171.4 ONF  |p BO11693  |r 2026-01-15 23:19:39  |w 2026-01-15  |x [Sebina 5] [1 v.]  |y BK  |z 1 v. 
999 |c 14920  |d 14920